Регионална библиотека "Любен Каравелов" - Русе

Човешка трагедия (Запис номер 130895)

MARC детайли
000 -Лидер
Контролно поле с фиксирана дължина 01581nam a2200409 c 4500
003 - Код на организацията, давaща контролен номер
Контролно поле BLK
005 - Дата и час на последна редакция
Контролно поле 20250508162634.0
008 - Елементи от данни с фиксирана дължина
fixed length control field 180409b bul|||||r ||||||| ||bul||
010 ## - Наследен системен номер
LC control number KNG00136691000
020 ## - Международен стандартен номер на книга ISBN
Международен стандартен номер на книга ISBN 978-954-427-898-4
040 ## - Източник на каталожния запис
Идентификатор на билиотеката - собственик на записа BLK
041 ## - Код за език
Код за езика на текст/звукозапис или на отделно заглавие Български
Код за езика КДБФ Български
072 #7 - Код за тематичната категория
Код организация bullib
Код за тематична категория Н92
Текст История Н
080 ## - УДК
Текстов определител УДК История на Русия и СССР. Вж и 936 ; 957
УДК код - определител по УДК 94(470)
УДК - код + определител 94(470)
100 1# - Редна дума - Автор
Автор Фиджис, Орландо
Авторска отговорност първи автор
R(LIN) 133828
139 ## - Редно поле
Редна дума Фиджис, Орландо
Авторски знак Фиг - Ф 46
245 10 - Сведения за заглавието
Заглавие Човешка трагедия
Подзаглавни данни Руската революция 1891 - 1924
Редно поле (дума) Орландо Фиджис; прев. от англ. Димитър Добрев.
257 ## - Страна на издаване
Страна на създаване/издаване Великобритания
260 ## - Област на издателските данни
Име на издателя, разпространителя и проч. Абагар
Година на издаване 2010
300 ## - Физическа характеристика
Страници 920 с., 32 л.
Илюстрации и др. ил.
Размери/Мащаб 24 см
380 ## - Жанр
Жанр История
500 ## - Общи забележки
Забележка Без сведение за ориг. загл. - Библиогр. с. 891-919.
650 #4 - Допълнително описание по предмет – тема
Основно описание – тема или топоним Русия - история и политика
9 (RLIN) 246681
651 #4 - Допълнително описание по предмет - топоним
Географско понятие Русия
9 (RLIN) 179465
653 ## - Ключова дума – ненормативна
Ключова дума Русия
653 ## - Ключова дума – ненормативна
Ключова дума история
653 ## - Ключова дума – ненормативна
Ключова дума революции
659 ## - Тематичен бюлетин
Тематичен бюлетин Н
700 ## - Други автори (авторска отговорност)
Лично име Димитров, Димитър Добрев
Дати, свързани с автора 1961 -
Друга информация Преводач от английски език.
9 (RLIN) 322262
852 ## - Местоположение
Форматна сигнатура Цб 257232
856 4# - Електронен адрес и достъп
Електронен формат pdf - файл
Инструкция (цена за достъп) 0.00
Права за достъп disable
856 4# - Електронен адрес и достъп
Електронен формат pdf - файл
Инструкция (цена за достъп) 0.00
Права за достъп disable
999 ## - СИСТЕМНИ КОНТРОЛНИ НОМЕРА
Koha biblionumber 130895
Koha biblioitemnumber 130895
942 ## - АРТИКУЛИ
Вид на библиотечния материал Книги
Скрит в OPAC Не
Периодичен библиозапис Да
Koha issues (borrowed), all copies 1
944 ## - СЪЗДАВАНЕ И РЕДАКЦИЯ на ЗАПИСА
Създаване/Редакция Създаване
Дата на регистрацията/редакция 03.04.2007
Статус, дата на статуса Диана Гривева
Служител, извършил регистрацията/редакцията 30529
944 ## - СЪЗДАВАНЕ И РЕДАКЦИЯ на ЗАПИСА
Създаване/Редакция Редакция
Дата на регистрацията/редакция 14.03.2016
Статус, дата на статуса ф /
Служител, извършил регистрацията/редакцията Людмила_Стоянова
999 ## - СИСТЕМНИ КОНТРОЛНИ НОМЕРА
Koha biblioitemnumber 130895
Наличности
Код за отписване Код за изгубен артикул Източник на класификационната схема Код за повреда Коз за рестрикции Код за отдаване Артикулен № Име на библиотеката - собственик Име на библиотеката, в която се намира в момента Статус (Текущо местоположение) Дата на вписване в системата Местоположение - отдел Цена в лева Инвентарен номер Систематично азбучна сигнатура Баркод Номер на екземпляра Цена в евро Служебна бележка Служебен тип на артикула
  Не е изгубен Universal Decimal Classification Не е повреден без рестрикции заемане за дома 213251 Регионална библиотека "Любен Каравелов" Русе Регионална библиотека "Любен Каравелов" Русе Заемна - подръчен фонд 2012-11-26 Заемна - подръчен фонд 35.00 120000761602 94(47)/Ф 46 О 120000761602 1 17.90 Дост: Pk Вид: Ф N: 322 Дата: 19.11.2012 Дата инв: 07.02.2018 Бележки инв: П2018 Книги
  Не е изгубен   Не е повреден без рестрикции ползва се в читалня 213252 Регионална библиотека "Любен Каравелов" Русе Регионална библиотека "Любен Каравелов" Русе Хранилище 2015-12-17 Основен фонд - ползва се само за читалня 28.00 120000795733 Цб 257232 120000795733 2 14.32 Дост: Pk Вид: Ф N: 447 Дата: 14.12.2015 Книги
Vip Innovations Ltd, Rousse, Bulgaria 2025